000 00536cam a22002291 4500
001 sa 63002595
003 DLC
005 20260227111935.0
008 940805s1961 ii 000 1 beno
010 _asa 63002595
025 _aPL480:I-B-329
035 _a(OCoLC)30890685
040 _aDLC
_cCU
_dCU
_dDLC
042 _apremarc
050 0 0 _aPK1718.D339
_bA7
100 1 _aDatta, Manindra,
_d1913-
245 1 0 _aÁloka lagana.
260 _c[1961]
300 _a180 p.
_c22 cm.
500 _aIn Bengali.
500 _aA novel.
999 _c54545
_d54545